Straight countries borders - Statistics

General Stats
  • This quiz has been taken 12 times
  • The average score is 7 of 18
Answer Stats
Picture Answer % Correct
Egypt
67%
Libya
67%
Mexico
67%
Sudan
67%
USA
67%
Canada
58%
USA
58%
Botswana
42%
Namibia
42%
South Africa
42%
Morocco
33%
Guatemala
17%
Kenya
17%
Mauretania
17%
Mexico
17%
Somalia
17%
Uzbekistan
17%
Kazachstan
8%
No matching quizzes found
Score Distribution
Percent of People with Each Score
Percentile by Number Answered
Your Score History
You have not taken this quiz